Phân tích dữ liệu bằng Excel
Gardado en:
| Autor Principal: | |
|---|---|
| Formato: | Libro |
| Idioma: | Undetermined |
| Publicado: |
Hà Nội
Giáo dục
1996
|
| Những chủ đề: | |
| Các nhãn: |
Engadir etiqueta
Sen Etiquetas, Sexa o primeiro en etiquetar este rexistro!
|
| Thư viện lưu trữ: | Trung tâm Học liệu Trường Đại học Cần Thơ |
|---|
| LEADER | 00580nam a2200169Ia 4500 | ||
|---|---|---|---|
| 001 | CTU_15502 | ||
| 008 | 210402s9999 xx 000 0 und d | ||
| 082 | |a 005.3 | ||
| 082 | |b T305 | ||
| 100 | |a Nguyễn, Tiến | ||
| 245 | 0 | |a Phân tích dữ liệu bằng Excel | |
| 245 | 0 | |c Nguyễn Tiến, Nguyễn Văn Hoài, Nguyễn Văn Tâm | |
| 260 | |a Hà Nội | ||
| 260 | |b Giáo dục | ||
| 260 | |c 1996 | ||
| 650 | |a Excel ( computer programs ),Programming languages ( electronic computers ) | ||
| 980 | |a Trung tâm Học liệu Trường Đại học Cần Thơ | ||